000 00360nam a2200133Ia 4500
008 240624s9999 xx 000 0 und d
041 _aeng
082 _a650.14 RAM
100 _aRAMESH GOPALASWAMY
245 _aACE OF SOFT SKILLS ATTITUDE COMMUNICATIO
260 _c2012
_aNew Delhi
_bPearson Education
300 _axiv, : 456 : p. : cm. ; 22
365 _cRS
999 _c19226
_d19226